John F. Kennedy, Commander in Chief : (Record no. 1303)

MARC details
000 -LEADER
fixed length control field 00792cam a2200253 a 4500
005 - DATE AND TIME OF LATEST TRANSACTION
control field 20260322212055.0
008 - FIXED-LENGTH DATA ELEMENTS--GENERAL INFORMATION
fixed length control field data
010 ## - LIBRARY OF CONGRESS CONTROL NUMBER
LC control number 97202119
020 ## - INTERNATIONAL STANDARD BOOK NUMBER
International Standard Book Number 0670863106
020 ## - INTERNATIONAL STANDARD BOOK NUMBER
International Standard Book Number 9780670863105
040 ## - CATALOGING SOURCE
Original cataloging agency MB
Transcribing agency MB
Modifying agency DLC
-- DLC
042 ## - AUTHENTICATION CODE
Authentication code lccopycat
043 ## - GEOGRAPHIC AREA CODE
Geographic area code n-us---
050 00 - LIBRARY OF CONGRESS CALL NUMBER
Classification number E842.1
Item number .S25 1997
082 00 - DEWEY DECIMAL CLASSIFICATION NUMBER
Classification number 973.922/092
Edition information 21
001 - CONTROL NUMBER
control field data
100 1# - MAIN ENTRY--PERSONAL NAME
Personal name Salinger, Pierre.
245 10 - TITLE STATEMENT
Title John F. Kennedy, Commander in Chief :
Remainder of title a profile in leadership /
Statement of responsibility, etc. Pierre Salinger.
260 ## - PUBLICATION, DISTRIBUTION, ETC.
Place of publication, distribution, etc. New York, N.Y. :
Name of publisher, distributor, etc. Penguin Studio,
Date of publication, distribution, etc. 1997.
300 ## - PHYSICAL DESCRIPTION
Extent x, 150 p. :
Other physical details ill. ;
Dimensions 29 cm.
600 10 - SUBJECT ADDED ENTRY--PERSONAL NAME
Personal name Kennedy, John F.
Fuller form of name (John Fitzgerald),
Dates associated with a name 1917-1963
General subdivision Military leadership.
650 #0 - SUBJECT ADDED ENTRY--TOPICAL TERM
Topical term or geographic name entry element Presidents
Geographic subdivision United States
General subdivision Biography.
651 #0 - SUBJECT ADDED ENTRY--GEOGRAPHIC NAME
Geographic name United States
General subdivision Politics and government
Chronological subdivision 1961-1963.
Holdings
Withdrawn status Lost status Damaged status Not for loan Home library Current library Shelving location Date acquired Total checkouts Full call number Barcode Date last seen Price effective from Koha item type
        Franklin Franklin General stacks 22/03/2026   973.922/092 21 BC0011346 22/03/2026 22/03/2026 Books